00897nam a2200253Ia 4500003000400000005001700004008004100021020001800062040001800080041000800098082001700106100003000123245008200153250001200235260005700247300003100304650004600335650003900381650003600420650002700456942002400483999001900507952011700526OSt20260202141022.0210716s2009 xx 000 0 und d a9788131500187 cAIMIT LIBRARY aeng a658.3 bBELM aMcBey, Kenneth J.9253529 aStrategic human resources planning /cBy Monica Belcourt and Kenneth J.McBey. a2nd ed. aNew Delhi :bCengage Learning India Pvt Ltd ,c2009. axxii,378 p.;bPBc26.5 cm. aConcepts of strategy and planning9253530 aAligning HR with strategy 9253531 aAscertaining HR supply 9253532 2HR forecasting process 2ddccBKk658.3 BELM c181432d181432 001040708MCAaAIMITbAIMITd2021-07-16eDonatedl0o658.3 BELMpMCA00940r2025-07-21 00:00:00w2021-07-16yBK